Name the Major Cruise Line - Statistics

General Stats
  • This quiz has been taken 160 times
  • The average score is 10 of 18
Answer Stats
Founded Country Ship Answer % Correct
1966 USA __________ Gem Norwegian Cruise Line
86%
1968 USA Anthem of the Seas Royal Caribbean International
85%
1972 USA ________ Sunshine Carnival Cruise Line
84%
1977 USA Diamond _______ Princess Cruises
74%
1989 Italy ___ Virtuosa MSC Cruises
73%
1988 USA _________ Apex Celebrity Cruises
68%
1995 USA ______ Dream Disney Cruise Line
64%
1873 USA MS Rotterdam Holland America Line
64%
1840 UK Queen Mary 2 Cunard Line
63%
1854 Italy _____ Venezia Costa Cruises
59%
1977 UK Azura P&O Cruises
51%
1997 Swiss ______ Star Viking Ocean Cruises
49%
1960 Germany ____Aprima AIDA Cruises
35%
1994 Monaco ______ Muse Silversea Cruises
25%
1992 USA _____ ____ Explorer Regent Seven Seas Cruises
24%
1986 USA ________ Encore Seabourn Cruise Line
24%
2002 USA Riviera Oceania Cruises
21%
1973 UK ______ Discovery Marella Cruises (TUI)
18%
No matching quizzes found
Score Distribution
Percent of People with Each Score
Percentile by Number Answered
Your Score History
You have not taken this quiz